Job status tracking system (JSTS) for printing department (Record no. 5943)
[ view plain ]
| 000 -LEADER | |
|---|---|
| fixed length control field | 00512nam a22001817a 4500 |
| 003 - CONTROL NUMBER IDENTIFIER | |
| control field | OSt |
| 005 - DATE AND TIME OF LATEST TRANSACTION | |
| control field | 20220107122835.0 |
| 008 - FIXED-LENGTH DATA ELEMENTS--GENERAL INFORMATION | |
| fixed length control field | 171129b xxu||||| |||| 00| 0 eng d |
| 040 ## - CATALOGING SOURCE | |
| Transcribing agency | IIITMK |
| 100 ## - MAIN ENTRY--PERSONAL NAME | |
| Personal name | Sandhya Rajan, S(1560010) |
| 9 (RLIN) | 13457 |
| 245 ## - TITLE STATEMENT | |
| Title | Job status tracking system (JSTS) for printing department |
| 300 ## - PHYSICAL DESCRIPTION | |
| Extent | PGDEG-Main project |
| 502 ## - DISSERTATION NOTE | |
| Degree type | PGDEG |
| Name of granting institution | 2015-2016 |
| Year degree granted | INT |
| -- | Ajith kumar R |
| 650 ## - SUBJECT ADDED ENTRY--TOPICAL TERM | |
| Topical term or geographic name entry element | JSTS |
| 9 (RLIN) | 13458 |
| 650 ## - SUBJECT ADDED ENTRY--TOPICAL TERM | |
| Topical term or geographic name entry element | PRINTING |
| 9 (RLIN) | 13459 |
| 700 ## - ADDED ENTRY--PERSONAL NAME | |
| Personal name | Sonia, S (15650013) |
| 9 (RLIN) | 13460 |
| 942 ## - ADDED ENTRY ELEMENTS (KOHA) | |
| Source of classification or shelving scheme | Dewey Decimal Classification |
| Koha item type | |
| Withdrawn status | Lost status | Source of classification or shelving scheme | Damaged status | Not for loan | Collection code | Home library | Current library | Shelving location | Date acquired | Total Checkouts | Barcode | Date last seen | Price effective from | Koha item type |
|---|---|---|---|---|---|---|---|---|---|---|---|---|---|---|
| Dewey Decimal Classification | Non Fiction | IIITM-K | Kerala University of Digital Sciences, Innovation and Technology Knowledge Centre | 29/11/2017 | R-1330 | 29/11/2017 | 29/11/2017 | Project Reports |